000
00280nam a2200085Ia 4500
245
0
_a
Access to knowledge in Africa : the role of copyright
100
_a
Armstrong, C. , 1965- Claremont [South Africa], 2010
_9
59089
942
_c
BK
008
210817s9999 xx 000 0 und d
999
_c
321089
_d
321088